Memoria de educación pública : (Record no. 38017)

MARC details
000 -CABECERA
campo de control de longitud fija 00649nam a2200181 a 4500
005 - FECHA Y HORA DE LA ÚLTIMA TRANSACCIÓN
campo de control 20210223122559.0
008 - ELEMENTOS DE LONGITUD FIJA--INFORMACIÓN GENERAL
campo de control de longitud fija 991125s1940 san 000 0 spa u
035 ## - NÚMERO DE CONTROL DEL SISTEMA
Número de control de sistema UPN01000038017
049 ## - COLECCIÓN
Colección CE
050 #4 - SIGNATURA TOPOGRÁFICA DE LA BIBLIOTECA DEL CONGRESO
Número de clasificación L234 A2
Número de documento/Ítem M4 1940
245 00 - MENCIÓN DE TÍTULO
Título Memoria de educación pública :
Resto del título correspondiente al año 1940 /
Mención de responsabilidad, etc. Ministerio de Educación Pública.
260 ## - PUBLICACIÓN, DISTRIBUCIÓN, ETC.
Lugar de publicación, distribución, etc. San José, C. R. :
Nombre del editor, distribuidor, etc. Ministerio de Educación Pública,
Fecha de publicación, distribución, etc. 1940.
300 ## - DESCRIPCIÓN FÍSICA
Extensión 226 p., [2] h. pleg. :
Otras características físicas i
610 14 - ASIENTO SECUNDARIO DE MATERIA - NOMBRE CORPORATIVO
Nombre de entidad corporativa o nombre de jurisdicción como elemento de entrada COSTA RICA.
Unidad subordinada MINISTERIO DE EDUCACION PUBLICA -
Subdivisión de forma INFORMES
9 (RLIN) 11335
710 2# - ASIENTO SECUNDARIO - NOMBRE CORPORATIVO
Nombre de entidad corporativa o nombre de jurisdicción como elemento de entrada Costa Rica.
Unidad subordinada Ministerio de Educación Pública
904 ## - ELEMENTOS DE DATOS D LOCAL, LDD (RLIN)
a AC
b 038019
905 ## - TIPO DE MATERIAL
Tipo de material Libro
Holdings
Estado de retiro Estado de pérdida Fuente del sistema de clasificación o colocación Estado dañado No para préstamo Código de colección Localización permanente Ubicación/localización actual Ubicación en estantería Fecha de adquisición Enumeración/cronología de publicación seriada Clasificación Código de barras Fecha visto por última vez Número de copia Tipo de ítem Koha
    Library of Congress Classification   Disponible (Previa cita) Fondo Reservado de libros Bib. Gregorio Torres Quintero Bib. Gregorio Torres Quintero Sala de Fondos Reservados Planta alta 18/11/2022 - L234 A2 M4 1940 41062 31/12/2020 1 Libro